| 000 | 00548nam a22001697a 4500 | ||
|---|---|---|---|
| 005 | 20250303083449.0 | ||
| 008 | 250303b |||||||| |||| 00| 0 eng d | ||
| 020 | _a9780781781848 | ||
| 050 | _aRM301.28 ROA | ||
| 100 | _aRoach, Sally S. | ||
| 245 |
_aIntroductory Clinical Pharmacology/ _bstudy guide to accompany _cSally S. Roach & Susan M. Ford |
||
| 250 | _a8th ed. | ||
| 260 |
_aPhiladelphia _bWolters Kluwer/Lippincott Williams & Wilkins _c2008 |
||
| 300 |
_aiv. 303p. _bill. _c27.5cm |
||
| 700 | _aFord, Susan M. | ||
| 942 |
_2lcc _cBK _e8th ed. _n0 |
||
| 999 |
_c4452 _d4452 |
||